La prescripción extintiva.
Saved in:
| Hovedforfatter: | |
|---|---|
| Format: | Bog |
| Sprog: | engelsk |
| Udgivet: |
Bogotá, Colombia:
Universidad Externado de Colombia,
2000.
|
| Udgivelse: | Primera edición. |
| Fag: | |
| Tags: |
Tilføj Tag
Ingen Tags, Vær først til at tagge denne postø!
|
MARC
| LEADER | 00000cam a2200000 a 4500 | ||
|---|---|---|---|
| 001 | UCE9129 | ||
| 003 | CL-VaPUC | ||
| 005 | 20220822114501.0 | ||
| 008 | 220613b2000 ||||| |||| 00| 0 eng d | ||
| 999 | |c 435991 |d 435989 | ||
| 020 | |a 958-616-480-2 | ||
| 040 | |c Pontificia Universidad Católica de Valparaíso | ||
| 082 | 7 | |a 346.0438 HIN 2000 |2 22 | |
| 100 | 0 | |a Hinestrosa, Fernando |e autor |9 484842 | |
| 245 | 1 | 3 | |a La prescripción extintiva. |
| 250 | |a Primera edición. | ||
| 260 | |a Bogotá, Colombia: |b Universidad Externado de Colombia, |c 2000. | ||
| 300 | |a 281 páginas. | ||
| 500 | |a c.1: Donación Familia Prof. Alejandro Guzmán Brito. | ||
| 583 | |a last modification |c 20151112 05:36:58 |k Cristina María Rojas Aguilar | ||
| 650 | |a Limitación de acciones |z Colombia |9 871268 | ||
| 650 | |a Prescripción extintiva |9 384085 | ||
| 650 | |a Derecho |x Acciones imprescriptibles |9 871281 | ||
| 942 | |c BK |2 ddc |n 0 | ||
| 952 | |0 0 |1 0 |2 ddc |4 0 |6 346_043800000000000_HIN_2000 |7 0 |8 C_AGB |9 583660 |a BIBDER |b BIBDER |d 2022-06-13 |e Donación |i 5651787 |o 346.0438 HIN 2000 |p 5651787 |r 2023-01-25 |t 1 |w 2022-06-13 |y BK_US |k AGB | ||